00264nam a2200097Ia 4500008004100000020001800041245005700059250001100116260002500127300001400152180116s9999 xx 000 0 und d a9781451176759 cDaniel AmsterdamaAntibiotics in Laboratory Medicine a6th ed bWolters Kluwerc2015 a807 pages